00679 2200253 4500001002100000005001700021008004100038035002400079040001200103041000800115041000800123082001400131084001400145090001800159100001600177245006900193250001100262260003300273300003900306504003100345650001500376850001200391990002200403INLIS00000000003252320180123140942.0  0010-111700000000525 aYOPDYOG0 aind0 aind042[23]a621 a621 Eko T aDEP 621 Eko T0 aEKO WINARNO0 aTeknik menggunakan perkakas tangan (kerja bangku)c/ Eko Winarno aCet. 1 aYogyakartabDeepublishc2016 axviii, 190 hlm.b: ilus.c; 25 cm. aBibliografi : hlm. 187-190 4aPermesinan aYOPDYOG aCB-D.11/2016-2459